Sports Quiz

Random Sports or Letter Quiz

MLB HR Leaders Containing Each Letter Quiz Stats

 Plays Quiz Updated Oct 1, 2019

Score 0/130 Timer 10:00
1 Play Today
Letter Player % Correct
BBarry Bonds
97.3%
DBarry Bonds
97.3%
NBarry Bonds
97.3%
OBarry Bonds
97.3%
SBarry Bonds
97.3%
AHank Aaron
96.8%
NHank Aaron
96.8%
OHank Aaron
96.8%
RHank Aaron
96.8%
HBabe Ruth
95.7%
RBabe Ruth
95.7%
TBabe Ruth
95.7%
UBabe Ruth
95.7%
DAlex Rodriguez
92.7%
EAlex Rodriguez
92.7%
GAlex Rodriguez
92.7%
IAlex Rodriguez
92.7%
OAlex Rodriguez
92.7%
RAlex Rodriguez
92.7%
UAlex Rodriguez
92.7%
ZAlex Rodriguez
92.7%
OAlbert Pujols
89.5%
ASammy Sosa
89.5%
SSammy Sosa
89.5%
AWillie Mays
88.6%
MWillie Mays
88.6%
SWillie Mays
88.6%
YWillie Mays
88.6%
EKen Griffey, Jr.
85.1%
FKen Griffey, Jr.
85.1%
GKen Griffey, Jr.
85.1%
IKen Griffey, Jr.
85.1%
RKen Griffey, Jr.
85.1%
YKen Griffey, Jr.
85.1%
CMark McGwire
84.7%
EMark McGwire
84.7%
GMark McGwire
84.7%
IMark McGwire
84.7%
MMark McGwire
84.7%
WMark McGwire
84.7%
EJim Thome
83.3%
HJim Thome
83.3%
MJim Thome
83.3%
OJim Thome
83.3%
Letter Player % Correct
TJim Thome
83.3%
LMickey Mantle
80.1%
NMickey Mantle
80.1%
TMickey Mantle
80.1%
SAlbert Pujols
80%
LTed Williams
78.6%
WTed Williams
78.6%
AReggie Jackson
78.4%
CReggie Jackson
78.4%
JReggie Jackson
78.4%
KReggie Jackson
78.4%
NReggie Jackson
78.4%
JAlbert Pujols
72.2%
PAlbert Pujols
72.2%
UAlbert Pujols
72.2%
BHarmon Killebrew
72.2%
EHarmon Killebrew
72.2%
IHarmon Killebrew
72.2%
KHarmon Killebrew
72.2%
LHarmon Killebrew
72.2%
WHarmon Killebrew
72.2%
BFrank Robinson
71.3%
IFrank Robinson
71.3%
NFrank Robinson
71.3%
RFrank Robinson
71.3%
SFrank Robinson
71.3%
FJimmie Foxx
70.9%
XJimmie Foxx
70.9%
MManny Ramirez
70.8%
ZManny Ramirez
70.8%
GLou Gehrig
70.7%
ARafael Palmeiro
70.3%
LRafael Palmeiro
70.3%
MRafael Palmeiro
70.3%
PRafael Palmeiro
70.3%
TDavid Ortiz
70.2%
HFrank Thomas
70%
CMike Schmidt
68.5%
DMike Schmidt
68.5%
HMike Schmidt
68.5%
TMike Schmidt
68.5%
JChipper Jones
67.2%
JAndruw Jones
67.1%
LAlbert Pujols
62.5%
Letter Player % Correct
CWillie McCovey
61.7%
VWillie McCovey
61.7%
YWillie McCovey
61.7%
KCarl Yastrzemski
61.3%
YCarl Yastrzemski
61.3%
ZCarl Yastrzemski
61.3%
BErnie Banks
58%
KErnie Banks
58%
UEddie Murray
55.2%
YEddie Murray
55.2%
ZDavid Ortiz
50.4%
ZJuan Gonzalez
50.3%
DGary Sheffield
49.8%
FGary Sheffield
49.8%
UStan Musial
49.2%
CFred McGriff
46.3%
FFred McGriff
46.3%
GFred McGriff
46.3%
HEddie Mathews
45.9%
WEddie Mathews
45.9%
BA. Beltre / M. Cabrera
45.6%
PCal Ripken, Jr.
42.4%
PMike Piazza
36.8%
KDave Kingman
35.1%
DCarlos Delgado
34.4%
FDave Winfield
34.2%
WDave Winfield
34.2%
XMark Teixeira
30.2%
VDarrell Evans
30%
VDwight Evans
30%
PDale Murphy
28.4%
VGreg Vaughn
26%
QCarlos Quentin
21.6%
QOmar Vizquel
16.5%
XRichie Sexson
14.6%
VRocky Colavito
12.8%
JMiguel Tejada
11.9%
XTrot Nixon
9.1%
XCharlie Maxwell
5.6%
QDan Pasqua
4.7%
QCraig Paquette
3.7%
QGeorge McQuinn
3.4%

You're not logged in!

Compare scores with friends on all Sporcle quizzes.
OR
Log In

Sporcle TV

Today on Sporcle TV


Watch our educational content, quiz creation guides, and fun videos on Sporcle TV.

Show Comments

Extras

Top Quizzes Today


Score Distribution

Your Account Isn't Verified!

In order to create a playlist on Sporcle, you need to verify the email address you used during registration. Go to your Sporcle Settings to finish the process.

Report this User

Report this user for behavior that violates our Community Guidelines.

Details: